The human Satan in seventeenth-century English literature (Record no. 152434)
[ view plain ]
| 000 -LEADER | |
|---|---|
| fixed length control field | 02202nam a2200433 a 4500 |
| 082 04 - DEWEY DECIMAL CLASSIFICATION NUMBER | |
| Classification number | 820.9/351 |
| 100 1# - MAIN ENTRY--AUTHOR NAME | |
| Personal name | Rosenfeld, Nancy. |
| 245 14 - TITLE STATEMENT | |
| Title | The human Satan in seventeenth-century English literature |
| 260 ## - PUBLICATION, DISTRIBUTION, ETC. (IMPRINT) | |
| Place of publication | Aldershot, Hants, England ; |
| -- | Burlington, Vt. : |
| Name of publisher | Ashgate, |
| Year of publication | 2008. |
| 300 ## - PHYSICAL DESCRIPTION | |
| Number of Pages | vii, 215 p. |
| 505 0# - FORMATTED CONTENTS NOTE | |
| Formatted contents note | Satan's journey into evil -- The tempter of Grace abounding -- Diabolus and his unholy war -- Paradise regained : Satan and the son -- "Thine now is all this world" : a human satanic archetype -- Rochester and the Theriophilic paradox -- Rochester - Satan - dorimant -- The Earl of Rochester meets Milton's muse -- Epilogue : Where is the Satan of Samson agonistes?. |
| 650 #0 - SUBJECT ADDED ENTRY--TOPICAL TERM | |
| Topical Term | English literature |
| Topical Term | Devil in literature. |
| Topical Term | Human body in literature. |
| Topical Term | Evil in literature. |
| 856 40 - ELECTRONIC LOCATION AND ACCESS | |
| Uniform Resource Identifier | http://site.ebrary.com/lib/rucke/Doc?id=10234641 |
No items available.
